[Event "36th Balaton GM 2018"]
[Site "Balatonlelle"]
[Date "2018.06.18"]
[Round "7"]
[White "Kavutskiy, Konstantin"]
[Black "Varga, Zoltan"]
[Result "1-0"]
[WhiteElo "2397"]
[BlackElo "2470"]
[Annotator "TA"]
[PlyCount "73"]
[EventDate "2018.06.12"]
[EventType "swiss"]
[EventCountry "HUN"]
[SourceTitle "playchess.com"]
[Source "ChessBase"]
[SourceQuality "1"]

{[%evp 17,73,17,16,12,34,33,69,20,46,13,25,23,35,13,9,9,26,0,0,0,0,0,0,-28,-28,-29,-28,-15,-10,-18,-4,-8,114,100,106,101,107,118,129,137,175,182,174,184,178,175,295,303,300,297,540,539,554,558,574,560,735,665]} 1. d4 d5 2. c4 dxc4 3. e4 Nf6 4. e5 Nd5 5. Bxc4 Nb6 6. Bb3 Nc6 7. Ne2 Bg4 {D20: Queen's Gambit Accepted: 3 e3 and 3 e4} 8. f3 Bf5 9. Nbc3 e6 {LiveBook: 9 Games. The position is equal.} 10. Be3 Nb4 11. O-O h6 12. Rc1 c6 13. Ng3 {[%cal Be2g3,Bg3e4,Be4c5][%mdl 32]} Bd3 14. Nce2 Bh7 15. Ne4 N4d5 16. Bf2 Be7 17. N2g3 O-O 18. Nc5 Bg5 19. Nxb7 Qc7 {[#] White must now prevent ...Ne3.} 20. Nc5 Ne3 21. Qe2 Nxf1 22. Rxf1 Nd5 23. Nge4 Nf4 24. Qc4 Rfd8 (24... Be7 $11) 25. Nxg5 $16 hxg5 {[#]} 26. Be3 $1 Qe7 27. h4 Kh8 28. g3 Nd5 29. Bxg5 f6 30. Bd2 fxe5 31. Bg5 Nf6 (31... Qf7 {might work better.} 32. Bxd8 (32. dxe5 Rdb8 $16) 32... Rxd8 33. dxe5 Rb8) 32. dxe5 $18 Rd5 33. exf6 gxf6 $2 (33... Qxc5+ 34. Qxc5 Rxc5) 34. Be3 {White is clearly winning.} Rg8 35. Kh2 Qd6 36. Rg1 Rh5 37. Qd4 {Precision: White = 72%, Black = 42%.} 1-0

[Event "36th Balaton GM 2018"]
[Site "Balatonlelle"]
[Date "2018.06.18"]
[Round "7"]
[White "Erturan, Yakup"]
[Black "Li, Bo"]
[Result "1/2-1/2"]
[WhiteElo "2384"]
[BlackElo "2333"]
[Annotator "NA"]
[PlyCount "110"]
[EventDate "2018.06.12"]
[EventType "swiss"]
[EventCountry "HUN"]
[SourceTitle "playchess.com"]
[Source "ChessBase"]
[SourceQuality "1"]
[TimeControl "40/5400+30:1800+30"]

1. e4 {[%emt 0:01:08]} c5 {[%emt 0:02:49]} 2. Nf3 {[%emt 0:00:06]} d6 {[%emt 0:02:50]} 3. d4 {[%emt 0:00:35]} cxd4 {[%emt 0:00:52]} 4. Nxd4 {[%emt 0:00:11]} Nf6 {[%emt 0:00:54]} 5. Nc3 {[%emt 0:00:38]} a6 {[%emt 0:01:13]} 6. Be3 {[%emt 0:04:07]} Ng4 {[%emt 0:07:59]} 7. Bc1 {[%emt 0:00:40]} Nf6 {[%emt 0:01:58]} 8. f3 {[%emt 0:00:42]} e5 {[%emt 0:04:19]} 9. Nb3 {[%emt 0:00:15]} Be6 {[%emt 0:03:49]} 10. Be3 {[%emt 0:00:19]} d5 {[%emt 0:08:00] B90: Sicilian Najdorf: Unusual White 6th moves, 6 Be3 Ng4 and 6 Be3 e5} (10... Be7 11. Qd2 Nbd7 12. g4 O-O 13. g5 Nh5 14. O-O-O b5 15. Nd5 Bxd5 16. exd5 f6 17. gxf6 Bxf6 18. Kb1 Nf4 19. Rg1 Kh8 20. Bd3 Bg5 21. Na5 Bh6 22. Nc6 Qh4 23. Qb4 {½-½ (49) Caruana,F (2784)-Mamedyarov,S (2809) Berlin 2018}) 11. exd5 {[%emt 0:00:55] LiveBook: 11 Games} Nxd5 {[%emt 0:00:43]} 12. Nxd5 {[%emt 0:00:06]} Bxd5 {[%emt 0:05:37]} 13. Qd3 {[%emt 0:29:49]} Nc6 {[%emt 0:07:01]} 14. c3 $146 {[%emt 0:15:44]} ({Predecessor:} 14. O-O-O Be6 15. Nc5 Bxc5 16. Bxc5 Qxd3 17. Bxd3 Rc8 18. Rhe1 f6 19. f4 Bxa2 20. Bf5 Kf7 21. Rd7+ {1-0 (19) Szyszylo,R (2214)-Langner,T (1968) Germany 2014}) 14... e4 {[%emt 0:05:11]} 15. fxe4 {[%emt 0:00:33]} Qh4+ {[%emt 0:00:46]} 16. Bf2 {[%emt 0:00:49]} Qxe4+ {[%emt 0:00:35]} 17. Qxe4+ {[%emt 0:00:09]} Bxe4 {[%emt 0:00:07]} 18. O-O-O {[%emt 0:17:24]} Be7 {[%emt 0:00:30]} 19. Re1 {[%emt 0:03:09]} f5 {[%emt 0:17:48]} 20. Nc5 {[%emt 0:03:20]} Bxc5 {[%emt 0:02:36]} 21. Bxc5 {[%emt 0:00:12]} O-O-O {[%emt 0:00:39]} 22. Rg1 {[%emt 0:01:38]} Rd5 {[%emt 0:02:54]} 23. Bb6 {[%emt 0:02:03]} Ne5 {[%emt 0:02:45]} 24. Be2 {[%emt 0:00:44]} Nd3+ {[%emt 0:03:05]} 25. Bxd3 {[%emt 0:00:10]} Rxd3 {[%emt 0:00:22]} 26. Bd4 {[%emt 0:00:46]} Rd8 {[%emt 0:01:56]} 27. Re2 {[%emt 0:03:55]} g6 {[%emt 0:01:31]} 28. Rge1 {[%emt 0:00:30]} Re8 {[%emt 0:01:05]} 29. Rf2 {[%emt 0:02:16]} Kd7 {[%emt 0:02:47]} 30. Rd1 {[%emt 0:03:03]} Rxd1+ {[%emt 0:01:00]} 31. Kxd1 {[%emt 0:00:03]} Bd5 {[%emt 0:01:24]} 32. b3 {[%emt 0:00:19]} Kc6 {[%emt 0:02:05]} 33. g3 {[%emt 0:01:23]} a5 {[%emt 0:00:53]} 34. c4 {[%emt 0:01:16]} Be4 {[%emt 0:00:24]} 35. Kc1 {[%emt 0:00:26]} a4 {[%emt 0:01:28]} 36. Kb2 {[%emt 0:00:29]} axb3 {[%emt 0:00:19]} 37. axb3 {[%emt 0:00:10]} Ra8 {[%emt 0:01:08]} 38. Rd2 {[%emt 0:00:29]} b5 {[%emt 0:01:28]} 39. cxb5+ {[%emt 0:01:21]} Kxb5 {[%emt 0:00:01]} 40. Bc3 {[%emt 0:00:00]} Ra7 {[%emt 0:00:19]} 41. Rd6 {[%emt 0:04:03]} Rf7 {[%emt 0:04:39]} 42. Bd4 {[%emt 0:02:53]} Bc6 {[%emt 0:00:46]} 43. Ka3 {[%emt 0:00:46]} Rd7 {[%emt 0:02:52]} 44. Rxd7 {[%emt 0:00:05]} Bxd7 {[%emt 0:00:05]} 45. h4 {[%emt 0:00:19]} Kc6 {[%emt 0:00:35]} 46. Kb4 {[%emt 0:00:29]} Kd5 {[%emt 0:00:01]} 47. Bg7 {[%emt 0:00:40]} Ke4 {[%emt 0:02:25]} 48. Kc5 {[%emt 0:00:35]} f4 {[%emt 0:01:42]} 49. gxf4 {[%emt 0:00:04]} Kxf4 {[%emt 0:00:07]} 50. b4 {[%emt 0:00:17]} Kg4 {[%emt 0:00:09]} 51. Bf6 {[%emt 0:00:05]} h6 {[%emt 0:00:07]} 52. b5 {[%emt 0:00:05]} Bxb5 {[%emt 0:01:08]} 53. Kxb5 {[%emt 0:00:05]} g5 {[%emt 0:00:05]} 54. hxg5 $11 {[%emt 0:00:04]} hxg5 {[%emt 0:00:15]} 55. Bxg5 {[%emt 0:00:04]} Kxg5 {[%emt 0:00:19]} 1/2-1/2

[Event "36th Balaton GM 2018"]
[Site "Balatonlelle"]
[Date "2018.06.18"]
[Round "7"]
[White "Koksal, Ege"]
[Black "Soham Das"]
[Result "1-0"]
[WhiteElo "2356"]
[BlackElo "2355"]
[Annotator "ChessBase"]
[PlyCount "47"]
[EventDate "2018.06.12"]
[EventType "swiss"]
[EventCountry "HUN"]
[SourceTitle "playchess.com"]
[Source "ChessBase"]
[SourceQuality "1"]
[TimeControl "40/5400+30:1800+30"]

1. d4 {[%emt 0:01:28]} f5 {[%emt 0:00:56]} 2. Bg5 {[%emt 0:01:24]} h6 {[%emt 0:00:44]} 3. Bh4 {[%emt 0:00:05]} g5 {[%emt 0:00:07]} 4. e3 {[%emt 0:00:05]} Nf6 {[%emt 0:00:04]} 5. Bg3 {[%emt 0:00:04]} d6 {[%emt 0:00:14]} 6. Nc3 {[%emt 0:00:34]} e6 {[%emt 0:00:57]} 7. h4 {[%emt 0:01:28]} Rg8 {[%emt 0:00:16]} 8. hxg5 {[%emt 0:00:40]} hxg5 {[%emt 0:00:06]} 9. Qd2 {[%emt 0:01:21]} Qe7 {[%emt 0:03:36]} 10. O-O-O {[%emt 0:04:07]} Nc6 {[%emt 0:02:55]} 11. Bc4 {[%emt 0:06:28]} Bd7 {[%emt 0:06:16]} 12. d5 {[%emt 0:05:37]} exd5 {[%emt 0:40:01]} 13. Nxd5 {[%emt 0:01:45]} Nxd5 {[%emt 0:00:55]} 14. Bxd5 {[%emt 0:00:27]} Rg6 {[%emt 0:02:07]} 15. f4 {[%emt 0:02:54]} Bg7 {[%emt 0:33:55]} 16. fxg5 {[%emt 0:19:42]} O-O-O {[%emt 0:02:02]} 17. Nf3 {[%emt 0:00:33]} Ne5 {[%emt 0:01:26]} 18. Bf4 {[%emt 0:02:18]} c6 {[%emt 0:01:47]} 19. Bb3 {[%emt 0:00:45]} d5 {[%emt 0:00:39]} 20. Qa5 {[%emt 0:00:45]} a6 {[%emt 0:00:42]} 21. Rh7 {[%emt 0:01:06]} Be8 {[%emt 0:00:43]} 22. Bxe5 {[%emt 0:02:07]} Rxg5 {[%emt 0:00:29]} 23. Nxg5 {[%emt 0:00:49]} Qxe5 {[%emt 0:00:18]} 24. Rxg7 {[%emt 0:00:07]} 1-0

[Event "36th Balaton GM 2018"]
[Site "Balatonlelle"]
[Date "2018.06.19"]
[Round "8"]
[White "Fernandez, Daniel Howard"]
[Black "Soham Das"]
[Result "1/2-1/2"]
[WhiteElo "2485"]
[BlackElo "2355"]
[Annotator "TA"]
[PlyCount "58"]
[EventDate "2018.06.12"]
[EventType "swiss"]
[EventCountry "HUN"]
[SourceTitle "playchess.com"]
[Source "ChessBase"]
[SourceQuality "1"]

{[%evp 9,58,6,5,-9,12,3,7,0,0,-15,-8,-29,0,-6,-4,0,42,41,30,13,16,7,17,20,15,28,101,101,77,15,25,0,0,-28,213,5,41,0,0,-99,-102,-136,-138,-126,-136,-141,-50,-46,-8,-8,-4]} 1. f4 d5 2. Nf3 Bg4 3. e3 Nd7 4. h3 (4. Be2 Ngf6 5. Ne5 Bxe2 6. Qxe2 g6 7. Nc3 Bg7 8. Qb5 Rb8 9. Nxd7 Qxd7 10. Qxd7+ Kxd7 11. d3 b5 12. a3 c5 {0-1 (47) Vovk,A (2640)-Kramnik,V (2760) Doha 2014}) 4... Bxf3 5. Qxf3 c6 {LiveBook: 17 Games} 6. c4 {A03: Bird's Opening with 1...d5} Ngf6 {[%cal Bg8f6,Bf6d5,Bd5c3][%mdl 32]} 7. cxd5 cxd5 8. Nc3 e6 9. g4 $146 ({Predecessor:} 9. d4 Bb4 10. Bd3 O-O 11. O-O {½-½ (31) Ippolitti,H-Mellano,S (2300) Buenos Aires 1993}) 9... Bb4 10. d3 d4 11. exd4 Nd5 12. Bd2 Qa5 {[%cal Rd5c3]} 13. Rc1 Rc8 14. a3 Bxc3 15. bxc3 {Threatening Bg2.} Nxc3 16. d5 {And now dxe6 would win.} Nb6 {[%cal Bd7b6,Bb6d5,Bd5e3][%mdl 32]} 17. dxe6 O-O {[#]} (17... Nbd5 $11) 18. Bg2 $1 $16 ({Much weaker is} 18. Qxb7 $6 Qxa3 19. Bg2 fxe6 $15) 18... fxe6 19. O-O (19. Qxb7 Qxa3 20. Qf3 Qb2 $15) ({White should play} 19. Qe3 $16) 19... Nbd5 $11 20. Kh1 Qxa3 21. f5 Qb2 $2 (21... exf5 $11 {and Black has nothing to worry.} 22. gxf5 b5) 22. Bxc3 $2 (22. Qf2 $18) 22... Rxc3 23. Rb1 Qd2 {...Ne3 is the strong threat.} 24. Qe4 (24. Rxb7 $11 {remains equal.} Rxd3 25. Qe4) 24... Ne3 $17 {Strongly threatening ...exf5.} ({Avoid the trap} 24... Rxd3 $2 25. fxe6 Re8 26. e7 $18) 25. Qxe6+ Kh8 {[%csl Ge3][%cal Rd2g2]} 26. Rg1 Nxg2 ({Don't play} 26... Rxd3 $6 27. f6 $14) 27. Qd6 {[%cal Rd6f8] [#]} Re8 (27... Rfc8 $1 $17 28. Rxg2 Qe3) 28. Rxg2 $15 Qxd3 29. Qxd3 Rxd3 {Precision: White = 33%, Black = 47%.} 1/2-1/2

[Event "36th Balaton GM 2018"]
[Site "Balatonlelle"]
[Date "2018.06.19"]
[Round "8"]
[White "Varga, Zoltan"]
[Black "Erturan, Yakup"]
[Result "1/2-1/2"]
[WhiteElo "2470"]
[BlackElo "2384"]
[Annotator "TA"]
[PlyCount "22"]
[EventDate "2018.06.12"]
[EventType "swiss"]
[EventCountry "HUN"]
[SourceTitle "playchess.com"]
[Source "ChessBase"]
[SourceQuality "1"]

{[%evp 15,22,25,18,-6,0,5,14,0,27]} 1. c4 Nf6 2. Nc3 g6 3. e4 d6 4. d4 Bg7 5. f3 c6 6. Be3 a6 7. a4 a5 8. Bd3 Na6 {LiveBook: 37 Games} 9. Na2 {The position is equal. E80: King's Indian: Sämisch: Lines without early ...0-0} (9. Nge2 Nb4 10. Bb1 O-O 11. O-O e5 12. Qd2 Re8 13. d5 Qe7 14. Na2 Nxa2 15. Rxa2 Nd7 16. Bc2 Nc5 {½-½ (35) Kolbus,D (2320)-Perelshteyn,E (2524) Douglas 2017}) 9... O-O 10. Ne2 e5 11. O-O $146 ({Predecessor:} 11. d5 Nd7 12. g4 Ndc5 13. Bc2 f5 14. gxf5 gxf5 15. Qd2 cxd5 16. cxd5 Qh4+ {0-1 (26) Pham T Hai,Y-Luong,M (2116) Hanoi 2002}) 11... Nd7 1/2-1/2

[Event "36th Balaton GM 2018"]
[Site "Balatonlelle"]
[Date "2018.06.19"]
[Round "8"]
[White "Horvath, Dominik"]
[Black "Kavutskiy, Konstantin"]
[Result "1/2-1/2"]
[WhiteElo "2433"]
[BlackElo "2397"]
[Annotator "TA"]
[PlyCount "101"]
[EventDate "2018.06.12"]
[EventType "swiss"]
[EventCountry "HUN"]
[SourceTitle "playchess.com"]
[Source "ChessBase"]
[SourceQuality "1"]

{[%evp 27,101,12,17,-4,11,7,20,-6,10,-8,27,0,0,0,0,0,0,0,0,-97,-98,-93,-99,-99,-93,-125,-108,-139,-136,-164,-95,-120,-84,-83,-64,-64,-64,-65,-72,-72,-64,-73,0,0,0,-242,0,0,0,0,0,0,0,0,0,0,0,0,0,-32,-31,-39,0,0,0,0,0,0,0,0,0,0,0,-12834,-12838,-12838]} 1. Nf3 Nf6 2. g3 g6 3. Bg2 Bg7 4. c4 d6 5. Nc3 O-O 6. O-O Nc6 7. d4 {[%cal Bd2d4,Bd4d5][%mdl 32]} Bf5 8. d5 Na5 9. Nd2 c6 10. b4 {E62: King's Indian: Fianchetto: 6...c6 and Panno Variation (6...Nc6) without ...a6} (10. e4 Bg4 11. Qa4 cxd5 12. cxd5 Bd7 13. Qa3 Ng4 14. b4 Rc8 15. Bb2 Nc4 16. Nxc4 Rxc4 17. Qb3 Qc7 18. Rfc1 Nxf2 19. Kxf2 Qb6+ {0-1 (19) Karpov,A (2628)-Fressinet,L (2702) Cap d'Agde 2015 CBM 169 Extra [Schulz,André]}) 10... Nxc4 11. Nxc4 Nxd5 12. Nxd5 Bxa1 13. Bh6 Bg7 14. Bxg7 Kxg7 {LiveBook: 13 Games} 15. Nc3 Qc7 $146 ({Predecessor:} 15... Qd7 16. Qd4+ f6 17. Rd1 Rfd8 {1-0 (43) Yuffa,D (2502)-Obsivac,J (2365) Pardubice 2016}) 16. e4 Be6 17. Qd4+ f6 18. Rc1 Rfd8 19. Ne3 Qb6 20. Qd2 Qxb4 21. Rb1 Qa5 22. Rxb7 Rd7 23. Qb2 (23. Rb2 $11 {remains equal.}) 23... Rxb7 $1 $17 24. Qxb7 Re8 $36 {[%mdl 2048] Black is in control.} 25. Qb2 Qb6 26. Qd2 Rb8 27. h4 Qb2 28. Qd3 Qc1+ (28... Qa3 $19 29. h5 Bxa2 30. hxg6 hxg6) 29. Kh2 Rb2 {Strongly threatening ...Rd2.} 30. Ned1 Rd2 31. Qa6 $1 Rxd1 32. Nxd1 Qxd1 33. Qxa7 Kf7 34. Qa8 c5 ({Black should play} 34... Qh5 $17 35. e5 Qxe5 36. Bxc6 Kg7) 35. Qh8 $11 Qh5 {[#] aiming for ...g5.} 36. a4 $2 {[#]} (36. e5 $1 $11 {[%mdl 512] and White has nothing to worry.} Bxa2 (36... dxe5 37. Bc6) 37. Bc6) 36... c4 $2 {[#]} (36... g5 $1 $19 {[%cal Rg5h4]} 37. a5 gxh4) 37. e5 $1 {[%mdl 512]} Qf5 ({Wrong is} 37... fxe5 $2 38. Bc6 $18) (37... dxe5 38. Bc6) 38. Qxh7+ Ke8 39. exd6 exd6 {And now ...c3 would win.} 40. a5 Qxa5 {Threatens to win with ...Bf7.} 41. Qxg6+ Ke7 42. Be4 Bf7 43. Qh6 Qc5 44. Kg2 c3 {White must now prevent ...c2.} (44... d5 $5 {[%cal Rd5e4]} 45. Bf5 d4 $17) 45. Qh7 Qh5 46. Qxh5 Bxh5 47. f3 $1 d5 48. Bd3 Kf7 49. Kf2 Bg6 50. Bxg6+ $2 {[%mdl 8192]} (50. Ke2 $11) 50... Kxg6 $19 51. Ke3 {[%mdl 32768] Precision: White = 57%, Black = 59%. . An unexpected result.} 1/2-1/2

[Event "36th Balaton GM 2018"]
[Site "Balatonlelle"]
[Date "2018.06.19"]
[Round "8"]
[White "Li, Bo"]
[Black "Koksal, Ege"]
[Result "1/2-1/2"]
[WhiteElo "2333"]
[BlackElo "2356"]
[Annotator "NA"]
[PlyCount "96"]
[EventDate "2018.06.12"]
[EventType "swiss"]
[EventCountry "HUN"]
[SourceTitle "playchess.com"]
[Source "ChessBase"]
[SourceQuality "1"]
[TimeControl "40/5400+30:1800+30"]

1. d4 {[%emt 0:00:32]} Nf6 {[%emt 0:00:52]} 2. c4 {[%emt 0:00:52]} e6 {[%emt 0:00:07]} 3. g3 {[%emt 0:01:06]} c5 {[%emt 0:00:42]} 4. Nf3 {[%emt 0:03:14]} cxd4 {[%emt 0:00:48]} 5. Nxd4 {[%emt 0:01:33]} Qc7 {[%emt 0:01:47]} 6. Nc3 {[%emt 0:04:49]} a6 {[%emt 0:00:10]} 7. Qd3 {[%emt 0:09:17]} Nc6 {[%emt 0:04:15]} 8. Bf4 {[%emt 0:10:49]} e5 {[%emt 0:31:48]} 9. Nxc6 $15 {[%emt 0:01:01]} dxc6 {[%emt 0:02:19]} 10. Bg5 {[%emt 0:00:30]} Be7 {[%emt 0:00:02]} 11. Bg2 {[%emt 0:01:27]} O-O {[%emt 0:01:18]} 12. O-O {[%emt 0:00:40]} Be6 {[%emt 0:00:14]} 13. b3 {[%emt 0:03:46]} Rad8 {[%emt 0:07:36]} 14. Qc2 {[%emt 0:01:12]} Rd7 {[%emt 0:01:04]} 15. Rad1 {[%emt 0:12:35]} Rfd8 {[%emt 0:00:13]} 16. Rxd7 {[%emt 0:01:28]} Rxd7 {[%emt 0:00:12]} 17. Rd1 {[%emt 0:02:57]} Qd8 {[%emt 0:00:49]} 18. Rxd7 {[%emt 0:00:50]} Nxd7 {[%emt 0:02:17]} 19. Bc1 {[%emt 0:05:39]} a5 {[%emt 0:01:13]} 20. Bb2 {[%emt 0:02:31]} Nc5 {[%emt 0:06:38]} 21. Qd1 {[%emt 0:05:02]} Qxd1+ {[%emt 0:01:20]} 22. Nxd1 {[%emt 0:00:02]} a4 {[%emt 0:02:19]} 23. Ba3 {[%emt 0:09:52]} Kf8 {[%emt 0:00:33]} 24. Bxc5 {[%emt 0:01:00]} Bxc5 {[%emt 0:00:02]} 25. Nb2 {[%emt 0:00:58]} axb3 {[%emt 0:10:34]} 26. axb3 {[%emt 0:00:01]} Ke7 {[%emt 0:00:25]} 27. Nd3 {[%emt 0:00:37]} Kd6 {[%emt 0:00:24]} 28. Kf1 {[%emt 0:05:20]} f5 {[%emt 0:03:20]} 29. e4 {[%emt 0:01:03]} Bd4 {[%emt 0:02:29]} 30. f4 {[%emt 0:03:43]} exf4 {[%emt 0:00:05]} 31. Nxf4 {[%emt 0:01:33]} Bf7 {[%emt 0:01:37]} 32. exf5 {[%emt 0:00:57]} b5 {[%emt 0:00:01]} 33. Ne6 {[%emt 0:01:34]} Bf6 {[%emt 0:07:43]} 34. Ke2 {[%emt 0:02:41]} Ke5 {[%emt 0:01:46]} 35. g4 {[%emt 0:01:01]} bxc4 {[%emt 0:02:10]} 36. bxc4 {[%emt 0:00:07]} g6 {[%emt 0:01:16]} 37. Kd3 {[%emt 0:00:59]} gxf5 {[%emt 0:00:43]} 38. gxf5 {[%emt 0:00:02]} Bxe6 {[%emt 0:00:39]} 39. fxe6 {[%emt 0:00:01]} Kxe6 {[%emt 0:00:07]} 40. Bxc6 {[%emt 0:00:00]} Kd6 {[%emt 0:00:09]} 41. Be4 {[%emt 0:00:23]} h6 {[%emt 0:00:05]} 42. h3 {[%emt 0:00:25]} Kc5 {[%emt 0:00:06]} 43. Bd5 {[%emt 0:00:04]} Bg7 {[%emt 0:00:17]} 44. Ke4 {[%emt 0:00:05]} Bf6 {[%emt 0:00:06]} 45. Kf5 {[%emt 0:00:07]} Bb2 {[%emt 0:00:08]} 46. Kg6 {[%emt 0:00:09]} Bc1 {[%emt 0:00:05]} 47. h4 {[%emt 0:00:07]} Bd2 {[%emt 0:00:05]} 48. h5 {[%emt 0:00:10]} Bg5 {[%emt 0:00:05]} 1/2-1/2

[Event "36th Balaton GM 2018"]
[Site "Balatonlelle"]
[Date "2018.06.20"]
[Round "9"]
[White "Akshat, Khamparia"]
[Black "Fernandez, Daniel Howard"]
[Result "1/2-1/2"]
[WhiteElo "2403"]
[BlackElo "2485"]
[Annotator "TA"]
[PlyCount "38"]
[EventDate "2018.06.12"]
[EventType "swiss"]
[EventCountry "HUN"]
[SourceTitle "playchess.com"]
[Source "ChessBase"]
[SourceQuality "1"]

{[%evp 9,38,40,32,8,12,8,8,6,6,2,6,-9,-1,-10,7,0,0,-16,-7,-18,-11,-24,-24,-25,-20,-33,-16,-9,-7,-14,0]} 1. d4 d6 2. c4 e5 3. Nf3 Nc6 4. Nc3 g6 5. dxe5 Nxe5 {LiveBook: 3 Games} 6. Nxe5 {A41: 1 d4 d6: Tartakower System and Modern Defence} dxe5 7. Qxd8+ Kxd8 8. Bd2 $146 ({Predecessor:} 8. Bg5+ f6 9. O-O-O+ Bd7 10. Bh4 h5 11. f3 Rh7 12. Ne4 Rf7 13. g4 hxg4 14. fxg4 {½-½ (25) Varga,Z (2473)-Lorscheid,G (2345) Budapest 2010}) 8... c6 9. O-O-O {next Bf4+ is good for White.} Kc7 10. g3 Be6 11. b3 f5 12. Bg2 Bh6 13. Bxh6 Nxh6 14. h3 Nf7 15. Rd2 Rad8 16. Rhd1 Rxd2 17. Rxd2 Rd8 18. Rxd8 Nxd8 19. Kd2 b6 {Precision: White = 36%, Black = 52%.} 1/2-1/2

[Event "36th Balaton GM 2018"]
[Site "Balatonlelle"]
[Date "2018.06.20"]
[Round "9"]
[White "Kavutskiy, Konstantin"]
[Black "Czebe, Attila"]
[Result "1/2-1/2"]
[WhiteElo "2397"]
[BlackElo "2419"]
[Annotator "TA"]
[PlyCount "58"]
[EventDate "2018.06.12"]
[EventType "swiss"]
[EventCountry "HUN"]
[SourceTitle "playchess.com"]
[Source "ChessBase"]
[SourceQuality "1"]

{[%evp 15,58,14,16,0,0,0,-4,-20,-27,-27,-2,-12,-10,-20,-21,-24,-22,-20,-22,-35,-35,-37,-45,-45,-40,-56,-58,-43,-20,-14,0,-10,-10,-27,-4,-9,-17,-38,-47,-46,-10,-13,-6,-49,383]} 1. d4 d6 2. Nf3 Nf6 3. c4 g6 4. Nc3 Bf5 5. e3 Bg7 6. Be2 {E61: King's Indian: Early deviations for White, including Smyslov System} (6. Bd3 Bxd3 7. Qxd3 O-O 8. O-O Nbd7 9. b3 e5 10. dxe5 dxe5 11. Ba3 Re8 12. Ne4 Nxe4 13. Qxe4 Qc8 14. Rad1 Nf6 15. Qc2 {1-0 (79) Akobian,V (2645)-Caruana,F (2817) Saint Louis 2017 CBM 178 [Szabo,Kr]}) 6... Ne4 7. Nxe4 Bxe4 8. O-O O-O {LiveBook: 7 Games} 9. Bd3 Bxd3 10. Qxd3 e5 $146 ({Predecessor:} 10... Nd7 11. e4 c5 12. Be3 cxd4 13. Bxd4 {0-1 (48) Nordby,B (2027)-Ackermann,H (2295) Buesum 2017}) 11. e4 exd4 12. Nxd4 Nd7 13. f3 c6 14. Be3 d5 15. cxd5 cxd5 16. exd5 Nb6 17. Bf2 Qxd5 18. b3 Rad8 {[%cal Rg7d4]} 19. Rad1 Rd7 20. Rd2 Rfd8 21. Rfd1 Qh5 {[#] Strongly threatening ...Bxd4.} 22. Qe4 Be5 23. h3 (23. f4 {with more complications.} Bf6 24. Nf3 Rxd2 25. Rxd2 Rxd2 26. Nxd2 Qd1+ 27. Qe1) 23... Bf6 24. Rd3 (24. Kh1 {looks sharper.} Qa5 25. Bh4 Bxh4 26. Qxh4 Qb4 27. Qf2) 24... Qe5 25. Qxe5 Bxe5 26. Kf1 Nd5 {...Nf4 is the strong threat.} 27. g3 Nb4 28. R3d2 Bc7 29. f4 (29. a3 $5 {[%cal Ra3b4]} Nd5 30. Ne2 $11) 29... Be5 $2 {[%mdl 40960] Precision: White = 48%, Black = 64%. . An unexpected result.} (29... Ba5 $15) 1/2-1/2

[Event "36th Balaton GM 2018"]
[Site "Balatonlelle"]
[Date "2018.06.20"]
[Round "9"]
[White "Erturan, Yakup"]
[Black "Horvath, Dominik"]
[Result "1/2-1/2"]
[WhiteElo "2384"]
[BlackElo "2433"]
[Annotator "TA"]
[PlyCount "26"]
[EventDate "2018.06.12"]
[EventType "swiss"]
[EventCountry "HUN"]
[SourceTitle "playchess.com"]
[Source "ChessBase"]
[SourceQuality "1"]

{[%evp 16,26,8,-18,7,-5,18,0,0,0,0,-15,0]} 1. e4 e5 2. Nf3 Nc6 3. Bc4 Bc5 4. Nc3 Nf6 5. d3 h6 6. Be3 Bxe3 7. fxe3 d6 8. O-O O-O 9. Qe1 {Die Stellung ist ausgeglichen.} Be6 {C50: Italienische Partie} 10. Nh4 Nh7 $146 ({Vorgänger:} 10... Bxc4 11. dxc4 g6 12. Rd1 b6 13. Qg3 Nh5 14. Qh3 Ne7 15. Nf5 Nxf5 16. exf5 Kg7 17. fxg6 fxg6 18. Rxf8 Qxf8 {1-0 (39) Renner,C (2398)-Bromberger,S (2440) Augsburg 2005}) 11. Qg3 Qg5 12. Bxe6 fxe6 13. Qxg5 Nxg5 1/2-1/2

[Event "36th Balaton GM 2018"]
[Site "Balatonlelle"]
[Date "2018.06.20"]
[Round "9"]
[White "Koksal, Ege"]
[Black "Varga, Zoltan"]
[Result "1/2-1/2"]
[WhiteElo "2356"]
[BlackElo "2470"]
[Annotator "TA"]
[PlyCount "33"]
[EventDate "2018.06.12"]
[EventType "swiss"]
[EventCountry "HUN"]
[SourceTitle "playchess.com"]
[Source "ChessBase"]
[SourceQuality "1"]

{[%evp 23,25,33,46,36]} 1. d4 d5 2. c4 dxc4 3. e3 Nf6 4. Bxc4 e6 5. Nf3 a6 6. O-O c5 7. dxc5 Bxc5 8. Qxd8+ Kxd8 9. Be2 {D27: Queen's Gambit Accepted: Classical main line: 7 e4!? and 7 a4} (9. Ne5 Ke7 10. Be2 Nbd7 11. Nc4 b6 12. Nbd2 a5 13. Nb3 Ba6 14. Nxc5 bxc5 15. f3 Rhb8 16. Kf2 a4 {½-½ (27) Van Wely,L (2663)-Ponomariov,R (2687) Germany 2018}) 9... Nc6 10. a3 Ke7 11. b4 Bd6 12. Bb2 b5 {LiveBook: 3 Games} 13. Nbd2 {Predecessor:} Bb7 $146 14. Rfc1 Rhc8 15. Nb3 h6 16. Nc5 Bxc5 17. Rxc5 {1-0 (44) Antonsen,M (2447)-Carstensen,J (2381) Skorping 2017} 1/2-1/2